Building respected companies : (Record no. 128134)

MARC details
000 -LEADER
fixed length control field 02376cam a22002774a 4500
008 - FIXED-LENGTH DATA ELEMENTS--GENERAL INFORMATION
fixed length control field
020 ## - INTERNATIONAL STANDARD BOOK NUMBER
International Standard Book Number 9780521192101 (hbk.)
049 ## - LOCAL HOLDINGS (OCLC)
Holding library MAIN
090 ## - LOCALLY ASSIGNED LC-TYPE CALL NUMBER (OCLC); LOCAL CALL NUMBER (RLIN)
Classification number (OCLC) (R) ; Classification number, CALL (RLIN) (NR) HD58.7
Local cutter number (OCLC) ; Book number/undivided call number, CALL (RLIN) CAN
003 - CONTROL NUMBER IDENTIFIER
control field
005 - DATE AND TIME OF LATEST TRANSACTION
control field 20230123122123.0
040 ## - CATALOGING SOURCE
Transcribing agency NUST
100 1# - MAIN ENTRY--PERSONAL NAME
Personal name Canals, Jordi.
245 10 - TITLE STATEMENT
Title Building respected companies :
Remainder of title rethinking business leadership and the purpose of the firm /
Statement of responsibility, etc. Jordi Canals.
260 ## - PUBLICATION, DISTRIBUTION, ETC.
Place of publication, distribution, etc. Cambridge ;
-- New York :
Name of publisher, distributor, etc. Cambridge University Press,
Date of publication, distribution, etc. 2010.
300 ## - PHYSICAL DESCRIPTION
Extent xiii, 267 p. ;
Dimensions 24 cm.
504 ## - BIBLIOGRAPHY, ETC. NOTE
Bibliography, etc. note Includes bibliographical references.
500 ## - GENERAL NOTE
General note Includes index.
505 0# - FORMATTED CONTENTS NOTE
Formatted contents note Part I. Corporate crisis, leadership and governance: Financial crisism a. leadership crisis? -- Part II. Rethinking the firm's purpose: The firm's mission and purpose; The firm as a respected institution -- Part III. The tole of corporate governance in developing a respected company: Nature, goals and models of corporate governance; A mission-based view of corporate responsibility -- Part IV. Leading and growing a respected company: The board of directors at work: impact beyond regulation; The chief executive: reputation beyond charisma; The CEO's role in developing the firm as an institution.
520 ## - SUMMARY, ETC.
Summary, etc. "The current financial crisis has deep macroeconomic roots, but the dominant view of the firm has made the crisis deeper and more devastating. Over the past few decades, maximizing shareholder value has become the main objective of the firm. Chief executives have been keen on this objective because their economic incentives have been clearly associated with stock market performance. Unfortunately, this has driven many CEOs to make terrible decisions based on short-termism and greed. In this way, the firm has become the object of anger, criticism and cynicism. In Building Respected Companies, Jordi Canals argues that we must address this problem by developing companies that serve society, not just their shareholders. This requires a new perspective of what a firm is, what the purpose of the firm in society should be and what the role of the board of directors and senior executives should be"--
Assigning source Provided by publisher.
650 #0 - SUBJECT ADDED ENTRY--TOPICAL TERM
Topical term or geographic name entry element Corporate culture.
650 #0 - SUBJECT ADDED ENTRY--TOPICAL TERM
Topical term or geographic name entry element Social responsibility of business.
650 #0 - SUBJECT ADDED ENTRY--TOPICAL TERM
Topical term or geographic name entry element Leadership.
907 ## - LOCAL DATA ELEMENT G, LDG (RLIN)
a .b10351449
b 26-11-14
c 26-11-14
942 ## - ADDED ENTRY ELEMENTS (KOHA)
Koha item type Ordinary Loan Books
Call number prefix HD58.7
Call number suffix CAN
Holdings
Date last seen Total Checkouts Full call number Barcode Cost, replacement price Price effective from Koha item type Lost status Source of classification or shelving scheme Damaged status Not for loan Collection Withdrawn status Home library Current library Shelving location Date acquired Cost, normal purchase price
01/23/2023 1 HD58.7 CAN 92004039842 80.00 01/23/2023 BOOKS   LCC     NFIC   MAIN MAIN GEN 01/23/2023 80.00